| 000 | 00819nam a2200229 a 4500 | ||
|---|---|---|---|
| 005 | 20231011094326.0 | ||
| 008 | 050828s1985 mx r 000 0 spa d | ||
| 020 | _a8476340265 | ||
| 035 | _aUPN01000139863 | ||
| 049 | _aCG | ||
| 050 | 4 |
_aD805 P7 _bP6.3 |
|
| 100 | 1 |
_aPoliakov, Léon, _d1910- |
|
| 245 | 1 | 0 |
_aAuschwitz : _bdocumentos y testimonios del genocidio nazi / _cLéon Poliakov ; tr. Alfredo Pastor Bodmer. |
| 260 |
_aBarcelona, Esp. : _bOrbis, _c1985. |
||
| 300 |
_a157 p. : _bil. |
||
| 440 | 0 |
_aBiblioteca de historia ; _v17 |
|
| 534 |
_pTítulo original: _tAuschwitz |
||
| 610 | 2 | 4 |
_aAUSCHWITZ (CAMPO DE CONCENTRACION) _9399 |
| 650 | 7 |
_aGuerra Mundial II, 1939-1945 - _xCampos de concentración _2 _94133 |
|
| 650 | 4 |
_aGuerra Mundial II, 1939-1945 _xPrisioneros y prisiones alemanes _94198 |
|
| 905 | _aLibro | ||
| 999 |
_c112011 _d112011 |
||